<?xml version="1.0" encoding="UTF-8"?><?xml-stylesheet type="text/xsl" href="static/style.xsl"?><OAI-PMH xmlns="http://www.openarchives.org/OAI/2.0/" xmlns:xsi="http://www.w3.org/2001/XMLSchema-instance" xsi:schemaLocation="http://www.openarchives.org/OAI/2.0/ http://www.openarchives.org/OAI/2.0/OAI-PMH.xsd"><responseDate>2026-04-17T14:42:57Z</responseDate><request verb="GetRecord" identifier="oai:www.recercat.cat:2072/430820" metadataPrefix="marc">https://recercat.cat/oai/request</request><GetRecord><record><header><identifier>oai:recercat.cat:2072/430820</identifier><datestamp>2025-04-27T03:28:06Z</datestamp><setSpec>com_2072_98</setSpec><setSpec>col_2072_378192</setSpec></header><metadata><record xmlns="http://www.loc.gov/MARC21/slim" xmlns:dcterms="http://purl.org/dc/terms/" xmlns:xsi="http://www.w3.org/2001/XMLSchema-instance" xmlns:doc="http://www.lyncode.com/xoai" xsi:schemaLocation="http://www.loc.gov/MARC21/slim http://www.loc.gov/standards/marcxml/schema/MARC21slim.xsd">
   <leader>00925njm 22002777a 4500</leader>
   <datafield ind2=" " ind1=" " tag="042">
      <subfield code="a">dc</subfield>
   </datafield>
   <datafield ind2=" " ind1=" " tag="720">
      <subfield code="a">Planas, Núria</subfield>
      <subfield code="e">author</subfield>
   </datafield>
   <datafield ind2=" " ind1=" " tag="260">
      <subfield code="c">2016</subfield>
   </datafield>
   <datafield ind2=" " ind1=" " tag="520">
      <subfield code="a">A synthesis of reasons for the production of this monograph is presented with a focus on contemporary research in the context of the Ninth Congress of the European Society for Research in Mathematics Education. Within the domain of mathematics and language, three lines of concern are addressed: (1) classroom discourse, (2) language diversity, and (3) conceptualization through language. Each line of concern is respectively illustrated by pioneering results from Ruthven and Hofmann, Barwell, and Edmonds-Wathen. An argument is made about the wide scope, depth and richness of this domain as well as the challenges involved in its development</subfield>
   </datafield>
   <datafield ind2=" " ind1=" " tag="520">
      <subfield code="a">Se presenta una síntesis de razones para la elaboración de este monográfico con atención a la investigación contemporánea en el contexto del Noveno Congreso de la Sociedad Europea de Investigación en Educación Matemática. Dentro del dominio de matemáticas y lengua, se discuten tres líneas de interés: (1) discurso del aula, (2) diversidad lingüística y (3) conceptualización mediante la lengua. Cada línea de interés se ilustra, respectivamente, por medio de resultados pioneros de Ruthven y Hofmann, de Barwell y de Edmonds-Wathen. Se argumentan el amplio espectro, la profundidad y riqueza de este dominio, así como los retos involucrados en su desarrollo</subfield>
   </datafield>
   <datafield tag="653" ind2=" " ind1=" ">
      <subfield code="a">Challenges</subfield>
   </datafield>
   <datafield tag="653" ind2=" " ind1=" ">
      <subfield code="a">Language</subfield>
   </datafield>
   <datafield tag="653" ind2=" " ind1=" ">
      <subfield code="a">Lines of concern</subfield>
   </datafield>
   <datafield tag="653" ind2=" " ind1=" ">
      <subfield code="a">Mathematics education</subfield>
   </datafield>
   <datafield tag="653" ind2=" " ind1=" ">
      <subfield code="a">Research domain</subfield>
   </datafield>
   <datafield tag="653" ind2=" " ind1=" ">
      <subfield code="a">Dominio de investigación</subfield>
   </datafield>
   <datafield tag="653" ind2=" " ind1=" ">
      <subfield code="a">Educación matemática</subfield>
   </datafield>
   <datafield tag="653" ind2=" " ind1=" ">
      <subfield code="a">Lengua</subfield>
   </datafield>
   <datafield tag="653" ind2=" " ind1=" ">
      <subfield code="a">Líneas de interés</subfield>
   </datafield>
   <datafield tag="653" ind2=" " ind1=" ">
      <subfield code="a">Retos</subfield>
   </datafield>
   <datafield ind2="0" ind1="0" tag="245">
      <subfield code="a">Research in mathematics education and language</subfield>
   </datafield>
</record></metadata></record></GetRecord></OAI-PMH>